| 000 | 00564nam a22001937a 4500 | ||
|---|---|---|---|
| 999 |
_c3032 _d3032 |
||
| 003 | OSt | ||
| 005 | 20181023102412.0 | ||
| 008 | 181023b ||||| |||| 00| 0 eng d | ||
| 020 | _a0854767797 | ||
| 040 | _cDLC | ||
| 082 |
_a215 _bB293Q |
||
| 100 | _aBarton, Andrew | ||
| 245 |
_aQuestions of science : _bexploring the interaction between science and faith / _cBy Andrew Baryton. |
||
| 260 |
_aEastBourne, London : _bKingsway Publications, _cc1999. |
||
| 300 | _a319 p.: | ||
| 504 | _aBibliography Includes. | ||
| 650 | _aReligion and science | ||
| 942 |
_2ddc _cBK |
||